Die Weise von Liebe und Tod des Cornets Christoph Rilke

Bibliographic Details
Main Author: Rilke, Rainer Maria, 1875-1926 (Author)
Format: Book
Language:German
Published: Leipzig Insel-Verl. 1941
Series:[Insel-Bücherei]
Subjects:

MARC

LEADER 00000nam a2200000 a 4500
001 vtls001167436
003 SK-MaSNL
005 20260409084954.0
008 250414s1941 DD 0 ger
035 |a SNK000110416 
040 |a SNK  |b slo  |c SNK  |e AACR2 
041 0 |a ger 
044 |a gw  |c DE 
080 |a 830-3 Rilke, Rainer Maria  |2 1981 
100 1 |a Rilke, Rainer Maria,  |d 1875-1926  |4 aut  |9 17584 
245 1 4 |a Die Weise von Liebe und Tod des Cornets Christoph Rilke  |c Rainer Maria Rilke 
260 |a Leipzig  |b Insel-Verl.  |c 1941  |e Leipzig  |f Spamer 
300 |a 34 s.  |c 19 cm 
490 1 |a [Insel-Bücherei]  |v [Nr. 1] 
655 7 |a nemecké prózy  |2 SNKPH  |9 70663 
830 0 |a [Insel-Bücherei]  |9 1636466 
852 |a Slovenská národná knižnica 
954 |a beletria cudzojazyčná (svetová)  |2 lita 
999 |c 604792  |d 606722 
952 |t P60, <04>, [BOOK], {604}  |a SNK  |b SNK  |y VYP  |7 0  |p 17A0187358  |o snkID 3069/1  |0 0  |1 0  |4 0  |d 1999-03-18  |l 0  |r 2005-01-01 00:00:00  |w 2026-02-23